<?xml version="1.0" encoding="UTF-8"?><?xml-stylesheet type="text/xsl" href="static/style.xsl"?><OAI-PMH xmlns="http://www.openarchives.org/OAI/2.0/" xmlns:xsi="http://www.w3.org/2001/XMLSchema-instance" xsi:schemaLocation="http://www.openarchives.org/OAI/2.0/ http://www.openarchives.org/OAI/2.0/OAI-PMH.xsd"><responseDate>2026-06-02T10:58:44Z</responseDate><request verb="GetRecord" identifier="oai:riuma.uma.es:10630/26482" metadataPrefix="marc">https://riuma.uma.es/rest/oai/request</request><GetRecord><record><header><identifier>oai:riuma.uma.es:10630/26482</identifier><datestamp>2026-02-03T10:23:19Z</datestamp><setSpec>com_10630_1685</setSpec><setSpec>col_10630_38055</setSpec></header><metadata><record xmlns="http://www.loc.gov/MARC21/slim" xmlns:dcterms="http://purl.org/dc/terms/" xmlns:doc="http://www.lyncode.com/xoai" xmlns:xsi="http://www.w3.org/2001/XMLSchema-instance" xsi:schemaLocation="http://www.loc.gov/MARC21/slim http://www.loc.gov/standards/marcxml/schema/MARC21slim.xsd">
   <leader>00925njm 22002777a 4500</leader>
   <datafield ind2=" " ind1=" " tag="042">
      <subfield code="a">dc</subfield>
   </datafield>
   <datafield ind2=" " ind1=" " tag="720">
      <subfield code="a">Torralvo-Repullo, Sergio</subfield>
      <subfield code="e">author</subfield>
   </datafield>
   <datafield ind2=" " ind1=" " tag="260">
      <subfield code="c">2023</subfield>
   </datafield>
   <datafield ind2=" " ind1=" " tag="520">
      <subfield code="a">El presente documento se hace con la finalidad didáctica, para poder enseñar a cualquier persona de unos conocimientos básicos sobre asignaturas ingenieriles como pueden ser Resistencia de Materiales, Teoría de Estructuras y Construcciones Industriales, Estructuras Metálicas (siendo esta última sobre la que se centra y desarrolla el presente proyecto) a poder manejar el presente programa y usarlo en la vida laboral.&#xd;
La elección de RFEM de la compañía Dlubal ha sido mayormente por la gran capacidad que está teniendo dicho programa en el cálculo de estructuras de compleja magnitud y su facilidad a la hora de programar cualquier estructura. RFEM está teniendo un gran auge en el cálculo de grandes estructuras que realmente son inviables con otros programas.&#xd;
El tema escogido ha sido los fenómenos de inestabilidades producidos en barras que debido a la normativa y avances que se están produciendo en los métodos de cálculo, con más frecuencia está resultando inviable calcular a mano dichos fenómenos como por ejemplo puede ser los fenómenos de segundo orden producidos en las barras ante pandeo por flexión o pandeo lateral.&#xd;
Se ha querido también demostrar que los programas de modelado como es el presente RFEM, emplean formulación vista en las asignaturas que se imparten en la Escuela de Ingenierías Industriales de Málaga y romper las creencias de que dichos programas arrojan resultados sin veracidad ninguna. Se ha querido demostrar el proceso de cálculo que sigue RFEM y que es el&#xd;
mismo proceso que se emplea en la clase de Estructuras Metálicas para resolver los ejercicios, con la pequeña contra de que se basa solo y exclusivamente en la formulación que impone la normativa.</subfield>
   </datafield>
   <datafield ind1="8" ind2=" " tag="024">
      <subfield code="a">https://hdl.handle.net/10630/26482</subfield>
   </datafield>
   <datafield tag="653" ind2=" " ind1=" ">
      <subfield code="a">Pandeo (Mecánica) -- Trabajos fin de grado</subfield>
   </datafield>
   <datafield tag="653" ind2=" " ind1=" ">
      <subfield code="a">Construcciones metálicas -- Trabajos fin de grado</subfield>
   </datafield>
   <datafield tag="653" ind2=" " ind1=" ">
      <subfield code="a">Enseñanza -- Equipos y material -- Trabajos fin de grado</subfield>
   </datafield>
   <datafield tag="653" ind2=" " ind1=" ">
      <subfield code="a">Estructuras (Construcción) -- Cálculo -- Trabajos fin de grado</subfield>
   </datafield>
   <datafield ind2="0" ind1="0" tag="245">
      <subfield code="a">Aplicación de software Dlubal a cálculo de inestabilidades en estructuras metálicas con fines docentes.</subfield>
   </datafield>
</record>
</metadata></record></GetRecord></OAI-PMH>